Le 11 du PSG en finale de Ldc (Paris) - Statistiques

Statistiques générales
  • Ce quiz a été pris 2 526 fois
  • Le résultat moyen est 10 sur 11
Statistiques - réponses
Poste Joueur (Nom) % Correct
Buteur Dembélé
97%
Attaquant droit Doué
97%
Défenseur droit Hakimi
97%
Gardien Donnarumma
96%
Défenseur Central Pacho
94%
Défenseur Central Marquinhos
92%
Défenseur Gauche Mendes
92%
Milieu Central vitinha
91%
Milieu Droit Neves
90%
Milieu Gauche Ruiz
89%
Attaquent Gauche kvaratskhelia
62%
Aucun quiz correspondant
Distribution des résultats
% des personnes avec chaque résultat
Percentile par nombre de réponses
Votre historique - résultats
Vous n’avez pas pris ce quiz